000 00607nam a2200205Ia 4500
003 OSt
005 20230524145740.0
008 210423s2000 xx 000 0 und d
040 _cAL
041 _aeng
082 _a153.8
_223
_bDENM
100 _aDENNY (Richard)
_9112547
245 _aMotivate to win: tested techniques for greater achievements
260 _aNew Delhi
_bUBS Publishers
_c2000
365 _b95
_cINR
650 _aMental Process & Intelligence
_9112548
650 _aPsychology
_9112549
906 _aachievements. ; greater ; Motivate ; techniques ; tested ; win
942 _2ddc
_cBK
999 _c172865
_d172865